000 00727nam a22002657a 4500
001 0000206
003 KOHA_MİRAKIL
005 20260207001203.0
007 ta
008 081212b2001 tu |||gr||||#||||0|tur |
020 _a9755911944
_c11,69
040 _aTR-BiSEU
_btur
_cTR-BiSEU
_erda
041 0 _atur
044 _ctu
050 _aTK2785
_b.C65 2001
100 1 _aÇolak, İlhami.
245 1 _aAsenkron motorlar/
_cİlhami Çolak ; İlhami Çolak.
264 1 _aAnkara :
_bNobel Yayınları
_c2001
300 _a208 sayfa
336 _ametin
_btxt
_2rdacontent
337 _aaracısız
_bn
_2rdamedia
338 _acilt
_bnc
_2rdacarrier
650 0 _aElektrik Makinaları,İndiksiyon.
_92066
942 _2lcc
_cBK
999 _c207
_d207